Score 0/15 Timer 05:00
1 Play Today
Hint Answer % Correct
Kim Possible
99.4%
Ron Stoppable
94.9%
Rufus
86.7%
Shego
82.7%
Wade
79.3%
Bonnie Rockwaller
76.4%
Monkey Fist
71.1%
Tim Possible
69%
Hint Answer % Correct
Dr. Drakken
68.7%
Jim Possible
68%
Señor Senior Sr.
65.8%
Señor Senior Jr.
65.8%
Monique
65.7%
Duff Killigan
50.5%
DNAmy
42.8%
Remove Ads.
Support Sporcle.
Get the best of Sporcle when you Go Orange. This ad-free experience offers more features, more stats, and more fun while also helping to support Sporcle. Thank you for becoming a member.

You're not logged in!

Compare scores with friends on all Sporcle quizzes.
OR
Log In

Show Comments

Extras

Top Quizzes Today


Score Distribution

Your Account Isn't Verified!

In order to create a playlist on Sporcle, you need to verify the email address you used during registration. Go to your Sporcle Settings to finish the process.

Report this User

Report this user for behavior that violates our Community Guidelines.

Details: